02150nam a22002897a 4500003000400000005001700004008004100021024001800062040000700080050001400087082001000101100002400111245005600135246004000191260005200231300003000283490002600313505112500339650002601464650003101490650005001521651004301571710002901614942001201643999001601655952018901671OSt20220803110326.0120530t xxu||||| |||| 00| 0 eng d a3902401011314 cLC aHB615.W72 a658.4 qWilliams, Chris941 aVenturing in international firms. /cAmrou Awaysheh aBUS 9024 - January 2014: Volume One aLondon, Ontario:bIvey Business School, c2014. a[various pagings]:bill.; 3Business case studies aContents: Entrepreneurial contexts and knowledge coordination within the multinational corporation -- Defining international entrepreneurship and modeling the speed of internationalization -- International entrepreneurship at infusion -- International corporate entrepreneurship and firm performance -- Contextual influences on the corporate entrepreneurship -- The relationship between entrepreneurship and international performance -- Philips NV: dealing with a global financial crisis -- Pace, rhythm and scope: process dependence in building a profitable multinational corporation -- The entrepreneur's path to global expansion -- Resuming internationalization at Starbucks -- Entrepreneurship in multinational corporations -- What are the consequences of initiative-taking in multinational subsidiaries? -- Strategic development of the multinational subsidiary through subsidiary initiative-taking -- 3M Taiwan: product innovation in the subsidiary -- Political heterarchy and dispersed entrepreneurship in the MNC -- Fighting the Corporate Immune System -- Lundbeck Korea: managing an international growth engine aEntrepreneurship 942 aCorporations -- Growth943 aConsolidation and merger of corporations 944 aInternational business enterprises945 bIvey Business School923 2lcccBK c9106d16606 00102lcc4070aWIUC-KLbWIUC-KLcGENd2019-11-11hVEN/Will0oHB615.W72pK/1904/1904/19r2022-08-03 00:00:00w2022-08-03yBKzPart of Ivey Collection. Shelved alphabetically by title